Представление документа в формате RUSMARC

Поле Инд. ПП Название Значение
Тип записи a
Библиографический уровень a
001 Контрольный номер RU/REP/BASE/00008357
005 Дата корректировки 20171111113640.6
200 1_ a Заглавие Институт освобождения от уголовной ответственности и его роль в борьбе с преступлениями небольшой и средней тяжести
f Первые сведения об ответственности А.Л. Иванов
210 1_ d Дата издания 2015
461 _0 1 001RU/REP/BASE/00010629
1 2001
a Закон и право
463 _1 1 20002
a №3.
v С. 69-73
1 2101
d 2015
610 0_ a Ключевые слова УГОЛОВНОЕ ПРАВО РФ, ОСВОБОЖДЕНИЕ ОТ УГОЛОВНОЙ ОТВЕТСТВЕННОСТИ, УГОЛОВНАЯ ОТВЕТСТВЕННОСТЬ
700 _1 a Фамилия Иванов
b Имя А.Л.
901 t Тип документа b
w Контрольный № источника 5a23989cd0b04ff181632af5680417df